000 00309nam a2200097Ia 4500
008 180219s9999 xx 000 0 und d
100 _aEvangelista-Sia, Maria Loreto J.
245 _aPsychiatric nursing :
_ba text book and a reviewer
260 _aDavao City
_bEPH Jade bookstore
_c2004
300 _aiii, 445 pages
999 _c355978
_d355978